El Tribunal de Justicia de las Comunidades Europeas

Gardado en:
Detalles Bibliográficos
Autor Corporativo: Comunidades Europeas, Comisión (Author)
Formato: Libro
Idioma:Lingua castelá
Publicado: Luxemburgo Oficina de Publicaciones Oficiales de las Comunidades Europeas 1983
Series:Documentación Europea
Subjects:
Tags: Engadir etiqueta
Sen Etiquetas, Sexa o primeiro en etiquetar este rexistro!

MARC

LEADER 00000nam a2200000 a 4500
001 UCR7784
003 CL-VaPUC
008 980519e19830000LU |||||||||||||||||spa|d
082 0 4 |a 337.14  |b COM  |2 21 
110 2 |a Comunidades Europeas, Comisión  |e author  |9 409218 
245 1 3 |a El Tribunal de Justicia de las Comunidades Europeas 
300 |a 60 p 
942 |c BK 
945 |d 19980519 00:00:00  |a crobeson 
260 |a Luxemburgo  |b Oficina de Publicaciones Oficiales de las Comunidades Europeas  |c 1983 
650 0 |a Comunidad Europea  |9 255772 
650 0 |a Tribunales de justicia   |9 328494 
650 0 |a Economía internacional  |9 258254 
650 0 |a Integración económica  |9 255024 
650 0 |a Cooperación internacional  |9 255447 
650 0 |a Mercado común   |9 378790 
583 |a last modification  |c 19980519 00:00:00  |k Rodrigo Vera 
490 0 |a Documentación Europea 
999 |c 269367  |d 269365 
952 |0 0  |1 0  |4 0  |6 337_140000000000000_COM_1983  |7 0  |8 A  |9 303101  |a BIBENE  |b BIBENE  |d 2019-11-20  |i 1994700  |o 337.14 COM 1983  |p 1994700  |r 2025-01-15  |w 2019-11-20  |y BK  |k ICO